ბათუმის შოთა რუსთაველის სახელმწიფო უნივერსიტეტის ბიბლიოთეკა

ქართველთა კულტურული კვალი გერმანიაში = Georgian cultural traces in Germany : (ბიბ.ჩანაწერი № 58604)

000 -ლიდერი
ფიქსირებული სიგრძის საკონტროლო ველი 02369nam a22002777a 4500
003 - საკონტროლო ნომრის იდენტიფიკატორი
საკონტროლო ველი Ge_BSU
005 - ბოლო ოპერაციის თარიღი და დრო
საკონტროლო ველი 20220613112524.0
008 - ფიქსირებული სიგრძის მონაცემთა ელემენტები - ზოგადი ინფორმაცია
ფიქსირებული სიგრძის საკონტროლო ველი 220613s2019 ge ||||| |||| 00| 0 geo d
020 ## - წიგნის საერთაშორისო სტანდარტული ნომერი
International Standard Book Number 9789941183300
041 ## - ენის კოდი
Language code of text/sound track or separate title geo
080 ## - უნივერსალური ათობითი კლასიფიკაციის ინდექსი
Universal Decimal Classification number 94(479:430)+811.353.1'373.2 ქ-27
245 ## - ცნობა სათაურის შესახებ
Title ქართველთა კულტურული კვალი გერმანიაში = Georgian cultural traces in Germany :
Remainder of title [კრებული] /
Statement of responsibility, etc ნინო დობორჯგინიძე, ლევან ცაგარელი, ოლივერ რაისნერი, გიორგი ქავთარაძე ; სამეცნიერო რედაქტორი ნინო დობორჯგინიძე ; რედაქტორი რუსუდან კოტეტიშვილი.
264 ## - წარმოების, გამოცემის, დისტრიბუციის და სხვა ცნობები
გამოცემის, წარმოების, დისტრიბუციის... ადგილი თბილისი :
გამოცემის, წარმოების, დისტრიბუციის... სახელწოდება ილიას სახელმწ. უნივერსიტეტი,
გამოცემის, წარმოების, დისტრიბუციის... თარიღი 2019.
300 ## - ფიზიკური აღწერა
Extent 288 გვ. :
Other physical details ილ. ;
Dimensions 21 სმ.
500 ## - ზოგადი შენიშვნა
General note გარეკანზე ავტორები აღნიშნულნი არ არიან.
501 ## - შენიშვნა თანმხლებ მასალაზე
With note კრებულს ერთვის გერმანიაში დაცული ქართული ხელნაწერების ასლები.
პროექტი განხორციელდა შოთა რუსთაველის ეროვნული სამეცნიერო ფონდის ფინანსური მხარდაჭერით.
504 ## - BIBLIOGRAPHY, ETC. NOTE
Bibliography, etc ბიბლიოგრაფია სტატიების ბოლოს და ტექსტის შენიშვნებში.
520 ## - SUMMARY, ETC.
Summary, etc რეზიუმე ინგლისურ ენაზე.
653 ## - INDEX TERM--UNCONTROLLED
Uncontrolled term ქართველები გერმანიაში.
700 ## - ADDED ENTRY--PERSONAL NAME
Personal name დობორჯგინიძე, ნინო
Relator term ავტორი
9 (RLIN) 2138
700 ## - ADDED ENTRY--PERSONAL NAME
Personal name ცაგარელი, ლევან
Relator term ავტორი
9 (RLIN) 5657
700 ## - ADDED ENTRY--PERSONAL NAME
Personal name რაისნერი, ოლივერ
Relator term ავტორი
9 (RLIN) 5658
700 ## - ADDED ENTRY--PERSONAL NAME
Personal name ქავთარაძე, გიორგი
Relator term ავტორი
9 (RLIN) 14058
700 ## - ADDED ENTRY--PERSONAL NAME
Personal name კოტეტიშვილი, რუსუდან
Relator term რედაქტორი
9 (RLIN) 5659
942 ## - ADDED ENTRY ELEMENTS (KOHA)
Source of classification or shelving scheme
Koha item type წიგნი
ეგზემპლარები
ჩამოწერის სტატუსი დაკარგული ეგზემპლარის სტატუსი კლასიფიკაციის წყარო ან თაროზე გაწყობის სქემა დაზიანების სტატუსი არ გაიცემა მუდმივი მდებარეობა (დაცვის ადგილი) ამჟამინდელი ადგილსამყოფელი თაროზე განთავსების ადგილი შეძენის თარიღი ღირებულება, შესყიდვის ნორმალური ფასი სრული შენახვის შიფრი შტრიხკოდი ბოლო ოპერაციის თარიღი ეგზემპლარის მიმდევრობითი ნომერი (კეტერი?) ფასის ძალაში შესვლის თარიღი ეგზემპლარის სახეობა საჯარო შენიშვნა
          ბათუმის შოთა რუსთაველის სახელმწიფო უნივერსიტეტის მთავარი ბიბლიოთეკა ბათუმის შოთა რუსთაველის სახელმწიფო უნივერსიტეტის მთავარი ბიბლიოთეკა წიგნსაცავი 2022-06-13 8.00 94(479:430)+811.353.1'373.2 ქ-27 60257 2022-06-13 60257 2022-06-13 წიგნი 8 ლ.
          ბათუმის შოთა რუსთაველის სახელმწიფო უნივერსიტეტის მთავარი ბიბლიოთეკა ბათუმის შოთა რუსთაველის სახელმწიფო უნივერსიტეტის მთავარი ბიბლიოთეკა წიგნსაცავი 2022-06-13 8.00 94(479:430)+811.353.1'373.2 ქ-27 60258 2022-06-13 60258 2022-06-13 წიგნი 8 ლ.
          ბათუმის შოთა რუსთაველის სახელმწიფო უნივერსიტეტის მთავარი ბიბლიოთეკა ბათუმის შოთა რუსთაველის სახელმწიფო უნივერსიტეტის მთავარი ბიბლიოთეკა წიგნსაცავი 2022-06-13 10.00 94(479:430)+811.353.1'373.2 ქ-27 62626 2022-06-13 62626 2022-06-13 წიგნი 10 ლ.